Responses for show #6105 - Friday, March 11, 2011

Contestants

Katie Sowder, a freelance researcher from Kansas City, Missouri

Mary McGlynn, an English professor from Maplewood, New Jersey

Tim Maas, an Army ammunition inspector from McAlester, Oklahoma (whose 1-day cash winnings total $31,601)

Jeopardy! Round responses

CAMELOT
THE KING & "I"
IN THE HEIGHTS
WICKED
RENT
GOD SPELL
(Alex: Each correct response will be a god, but you have to spell the god's name.)
    $200 2
(Tim: Who is Sir Galahad?)

Lancelot

TimMary
    $200 3
I can't help falling in love with you

Tim
    $200 8
Stephen King

Tim
    $200 18
Stalin

Mary
    $200 13
Manhattan

Katie
    $200 1
T-H-O-R

Mary
    $400 24
Merlin

Tim
    $400 4
(Mary: What is "Home for Christmas?"
"I'll Be Home For"--what is [*]?)

I'll Be Home For Christmas

Mary
    $400 9
Goliath

Tim
    $1,500 19
(Mary: Who is Aaron Burr?)

John Wilkes Booth

Mary
    $400 14
[Mary was initially ruled correct, but during the contestant interviews it was revealed that her response was actually "What is the Champs-d'Elysées?"]

Champs-Elysées

Mary
Triple Stumper
    $400 23
(Katie: Who is Dionysus?)
(Tim: Who is Bacchus?)
...
(Alex: Remember, you had to spell the response. Back to you, Mary, with a minute to go.)

B-A-C-C-H-U-S

TimMaryKatie
    $600 28
(Tim: Who is Guinevere?)
[The end-of-round signal sounds.]

The Lady of the Lake

TimMary
    $600 5
I Love You

Tim
    $600 10
Howard Stern

Mary
    $600 20
Attila the Hun

Tim
    $600 15
Hertz

Triple Stumper
    $600 25
O-S-I-R-I-S

Katie
    $800 6
I'm So Lonesome I Could Cry

Tim
    $800 11
Tony Robbins

Mary
    $800 21
Ivan the Terrible

Mary
    $800 16
(Tim: What is the Forum?)

Staples Center

Tim
Triple Stumper
    $800 26
H-E-P-H-A-E-S-T-U-S

Tim
    $1000 7
I Got A Woman

Tim
    $1000 12
Manute Bol

Mary
    $1000 22
Pol Pot

Tim
    $1000 17
Maltese falcon

Mary
    $1000 27
(Mary: Who is G-A-N-E-S-H?)

G-A-N-E-S-H-A

MaryKatie

Scores at the first commercial break (after clue 15):

Tim Mary Katie
$3,000 $2,800 $200

Scores at the end of the Jeopardy! Round:

Tim Mary Katie
$4,000 $3,300 $1,400

Double Jeopardy! Round responses

ISLANDS IN THE SEA
(Alex: Identify the sea for us.)
ANTHONY HOPKINS FILMS
YOU SHOULDN'T HAVE LEFT THE COUCH
ODD 4-LETTER WORDS
THE GREAT WAR
THE PEACE CORPS
(Alex: And this month is Peace Corps Month and we're celebrating the 50th anniversary of the Peace Corps.)
    $400 15
the Mediterranean

Tim
    $400 10
The Lion In Winter

Mary
    $400 20
the knee

Tim
    $400 1
(Alex: [*], [*], [*]. Yes.)

blah

Tim
    $400 6
(Tim: What is England?)
(Mary: What is the United States?)

France

TimMary
Triple Stumper
    $800 16
the Caribbean

Katie
    $800 11
Silence Of The Lambs

Katie
    $800 21
a concussion

Katie
    $800 2
amok

Tim
    $1,400 7
the Turks

Tim
    $1200 17
the Aegean

Katie
    $1200 12
Beowulf

Mary
    $1200 22
the ankle

Mary
    $1200 3
a coda

Katie
    $1200 8
Jutland

Tim
    $2,500 18
the Bering Sea

Katie
    $1600 13
(Mary: What is Seven?)

Meet Joe Black

MaryKatie
    $1600 23
tennis elbow

Katie
    $1600 4
an ankh

Tim
    $1600 9
Japan

Mary
    $1600 27
(Alex: Kwame Nkrumah was President of [*].)

Ghana

Triple Stumper
    $2000 19
(Mary: What is the Red Sea?)

the Arabian Sea

Mary
Triple Stumper
    $2000 14
John Quincy Adams

Triple Stumper
    $2000 24
edema

Tim
    $2000 5
grok

Triple Stumper
    $2000 25
the Triple Entente

Tim
    $2000 26
Bulgaria

Triple Stumper

Scores at the end of the Double Jeopardy! Round:

Tim Mary Katie
$13,800 $3,700 $11,900

[wagering suggestions for these scores]

Final Jeopardy! Round responses

EUROPEAN CAPITALS
(Alex: [To Tim] No, The Hague is the seat of government in the Netherlands. We were going for the capital of [*].)
MaryWhat is Berlin?
$1,500
KatieWhat ?
$6,000
TimWhat is The Hague
$10,001
Amsterdam

Final scores:

Tim Mary Katie
$3,799 $2,200 $5,900
2nd place: $2,000 3rd place: $1,000 New champion: $5,900

Game dynamics:

Coryat scores:

Tim Mary Katie
$13,200 $5,200 $11,000
19 R
(including 1 DD),
5 W
15 R,
6 W
(including 1 DD)
11 R
(including 1 DD),
1 W

Combined Coryat: $29,400

The J! Archive is created by fans, for fans. The Jeopardy! game show and all elements thereof, including but not limited to copyright and trademark thereto, are the property of Jeopardy Productions, Inc. and are protected under law. This website is not affiliated with, sponsored by, or operated by Jeopardy Productions, Inc. Join the discussion at JBoard.tv.